| 000 | 00873nam2a22002411 4500 | ||
|---|---|---|---|
| 001 | RU\NLR\Per\719891 | ||
| 005 | 20250617184004.0 | ||
| 035 | _a(NLR Aleph) 002967041 | ||
| 090 |
_a4028449 _c4028449 |
||
| 100 | _a20101115d2010 |||y0rusy50 ca | ||
| 101 | 0 | _arus | |
| 102 | _aRU | ||
| 105 | _ay ||||||||| | ||
| 200 | 0 | _a2010, № 8 | |
| 210 |
_d2010 _aБ. м. |
||
| 461 | 0 |
_1001RU\NLR\INFOCOMM18\1000059423 _12001#$aВестник профсоюзов$fВсеобщ. конфедерация профсоюзов СССР$v2010, № 8 _93828711 _cМ. _d1967- _fВсеобщ. конфедерация профсоюзов СССР _nПрофиздат _tВестник профсоюзов _x0869-480X _v2010, № 8 |
|
| 801 | 1 |
_aRU _bInfoComm _c20040113 |
|
| 801 | 0 |
_aRU _bNLR _gPSBO |
|
| 852 |
_aNLR _jП23/2735 |
||
| 942 | _cISSUE | ||
| 980 | _aNB | ||
| 980 | _aRUSPER | ||